LEADER 04458nam 22007214a 450 001 9910454211003321 005 20200520144314.0 010 $a1-281-80666-8 010 $a9786611806668 010 $a0-8261-9724-8 035 $a(CKB)1000000000576912 035 $a(EBL)423360 035 $a(OCoLC)476262348 035 $a(SSID)ssj0000247769 035 $a(PQKBManifestationID)11218842 035 $a(PQKBTitleCode)TC0000247769 035 $a(PQKBWorkID)10200671 035 $a(PQKB)10414285 035 $a(MiAaPQ)EBC423360 035 $a(Au-PeEL)EBL423360 035 $a(CaPaEBR)ebr10265420 035 $a(EXLCZ)991000000000576912 100 $a20030226d2003 uy 0 101 0 $aeng 135 $aur|n|---||||| 181 $ctxt 182 $cc 183 $acr 200 00$aSocial work and health care in an aging society$b[electronic resource] $eeducation, policy, practice, and research /$fBarbara Berkman, editor ; Linda Harootyan, associate editor 210 $aNew York $cSpringer$dc2003 215 $a1 online resource (423 p.) 300 $aChapters are based on the research of the first 10 scholars in the Hartford Geriatric Social Work Faculty Scholars Program, administered by the Gerontological Society of America. 311 $a0-8261-1543-8 320 $aIncludes bibliographical references and index. 327 $aContents; Contributors; Acknowledgments; Chapter 1 Introduction; Chapter 2 Late-Life Depression in Nursing Home Residents: Social Work Opportunities to Prevent, Educate, and Alleviate; Chapter 3 Older Adults with Dementia: Community-Based Long-Term Care Alternatives; Chapter 4 The Older Patient at Home: Social Work Services and Home Health Care; Chapter 5 Gerontological Social Work and Case Management; Chapter 6 Self-Health Care by Urban, African American Elders; Chapter 7 Physical Health and Economic Well-Being of Older African American Women: Toward Strategies of Empowerment 327 $aChapter 8 Grandparents Raising GrandchildrenChapter 9 Aging Persons with Developmental Disabilities and Their Caregivers; Chapter 10 Strains and Gains of Grandmothers Raising Grandchildren in the HIV Pandemic; Chapter 11 Elder Mistreatment and the Role of Social Work; Chapter 12 Standardized Geriatric Assessment in Social Work Practice with Older Adults; Chapter 13 Cultural Considerations in Health Care and Quality of Life; Chapter 14 Centrality of Social Ties to the Health and Well-Being of Older Adults 327 $aChapter 15 Home and Community-Based Long-Term Care Policies and Programs: The Crucial Role for Social Work Practitioners and Researchers in EvaluationChapter 16 Meeting the Challenges of Social Work Practice in Health Care and Aging in the 21st Century; Appendix; Index 330 $aThis book places significant issues related to the health, mental health, and well-being of older adults and their caregivers within the context of social work service delivery. By presenting the research of social work scholars, all experts in specific research areas, the editors clarify the value that social work brings to the larger realm of health care for older adults and their families. Special consideration is given to such issues as case management, urban, African-American elders, grandmothers raising grandchildren, aging persons with developmental disabilities, home health care, and m 606 $aSocial work with older people$zUnited States 606 $aOlder people$xServices for$zUnited States 606 $aMedical social work$zUnited States 606 $aOlder people$xMedical care$zUnited States 606 $aOlder people$xMental health services$zUnited States 606 $aSocial work education$zUnited States 606 $aOlder people$xGovernment policy$zUnited States 608 $aElectronic books. 615 0$aSocial work with older people 615 0$aOlder people$xServices for 615 0$aMedical social work 615 0$aOlder people$xMedical care 615 0$aOlder people$xMental health services 615 0$aSocial work education 615 0$aOlder people$xGovernment policy 676 $a362.6/0973 701 $aBerkman$b Barbara$01039477 701 $aHarootyan$b Linda K$01053778 801 0$bMiAaPQ 801 1$bMiAaPQ 801 2$bMiAaPQ 906 $aBOOK 912 $a9910454211003321 996 $aSocial work and health care in an aging society$92485862 997 $aUNINA LEADER 03484 am 2200733 n 450 001 9910166657603321 005 20240111200632.0 010 $a2-87854-741-1 035 $a(CKB)3710000001092060 035 $a(FrMaCLE)OB-psn-134 035 $a(oapen)https://directory.doabooks.org/handle/20.500.12854/40908 035 $a(PPN)202671496 035 $a(EXLCZ)993710000001092060 100 $a20170307j|||||||| ||| 0 101 0 $afre 135 $auu||||||m|||| 181 $ctxt$2rdacontent 182 $cc$2rdamedia 183 $acr$2rdacarrier 200 10$aAnnie Ernaux $eUn engagement d'écriture /$fPierre-Louis Fort, Violaine Houdart-Merot 210 $aParis $cPresses Sorbonne Nouvelle$d2016 215 $a1 online resource (215 p.) 311 $a2-87854-676-8 330 $aEn 2002, Annie Ernaux déclarait que « ce qui compte, dans les livres, c?est ce qu?ils font advenir en soi et hors de soi ». Dix ans plus tard, dans l?entretien qui clôt ce volume, elle revient sur ce « mouvement » qu?elle dit « emblématique de [s]on écriture ». Les études ici réunies explorent cet « engagement d?écriture » dont parle une de ses ?uvres les plus récentes. Les auteurs tentent d?y définir les contours de cette nouvelle forme d?engagement (politique, humain, social, corporel et sensible) qu?elle invente, à la lumière notamment du concept d? « implication ». Cinq dimensions fondamentales en sont ainsi analysées : la volonté d?Annie Ernaux de « descendre dans la réalité sociale » et de prendre comme sujet d?écriture ce qui est traditionnellement considéré comme « au-dessous » de la littérature ; sa position par rapport à un engagement féministe ; l?articulation entre identité et altérité dans sa dimension politique ; la présence au monde d?une écrivaine « traversée par les autres» et, enfin, la manière dont cette ?uvre engage et transforme le lecteur. 606 $aLiterature (General) 606 $aAnnie Ernaux 606 $aengagement 606 $aimplication 606 $alittérature française 608 $aCriticism, interpretation, etc.$2fast 610 $aAnnie Ernaux 610 $aengagement 610 $aimplication 610 $alittérature française 615 4$aLiterature (General) 615 4$aAnnie Ernaux 615 4$aengagement 615 4$aimplication 615 4$alittérature française 700 $aAdler$b Aurélie$01240605 701 $aBacholle-Bo?kovic´$b Michèle$01299276 701 $aBlanckeman$b Bruno$0443557 701 $aBras$b Pierre$01324928 701 $aCoudreuse$b Anne$0686228 701 $aDugast-Portes$b Francine$01294411 701 $aErnaux$b Annie$0442747 701 $aFort$b Pierre-Louis$01233255 701 $aFroloff$b Nathalie$01294499 701 $aHavercroft$b Barbara$01284140 701 $aHoudart-Merot$b Violaine$01282726 701 $aHugueny-Léger$b Elise$01324929 701 $aInizan$b Yvon$01324930 701 $aMontémont$b Véronique$01246366 701 $aRossi$b Marie-Laure$01324931 701 $aRoussel-Gillet$b Isabelle$01313737 701 $aThomas$b Lyn$01324932 701 $aThumerel$b Fabrice$0166912 701 $aFort$b Pierre-Louis$01233255 701 $aHoudart-Merot$b Violaine$01282726 801 0$bFR-FrMaCLE 906 $aBOOK 912 $a9910166657603321 996 $aAnnie Ernaux$93036480 997 $aUNINA